000 00696naa a22002177u 4500
001 18882
003 HDC
007 cr bn ---aaaaa
008 210228t xx 000 0 eng
040 _aHDC
245 0 _aSMEs Will Chart the Future Course of the Global Halal Industry
336 _atext
_2rdacontent
337 _acomputer
_2rdamedia
338 _aonline resource
_2rdacarrier
650 _aExports
_91048
650 _aHalal food industry
_9128
856 _zRequest full-text at [email protected]
942 _2lcc
942 _cEIJ
942 _kEMAG 000720
999 _c16198
_d16198